Ciencias Naturales 4º Básico: texto del estudiante

Bewaard in:
Bibliografische gegevens
Hoofdauteurs: Molina Millán, Carolina (autora), Ortiz Gutiérrez, Patricia (Auteur)
Andere auteurs: Morales Aedo, Karla (autora)
Formaat: Boek
Taal:Spaans
Gepubliceerd in: Santiago Ediciones SM 2018
Editie:1a. ed
Onderwerpen:
Tags: Voeg label toe
Geen labels, Wees de eerste die dit record labelt!

MARC

LEADER 00000cam a2200000 a 4500
001 UCC4962
003 CL-VaPUC
008 180907e20180000cl |||||||||||||||||spa|d
020 |a 9789563632897 
082 0 4 |a 372.357  |b MOL  |2 21 
100 |a Molina Millán, Carolina  |e autora  |9 599235 
700 |a Morales Aedo, Karla  |e autora  |9 599236 
700 0 |a Ortiz Gutiérrez, Patricia  |e author  |9 599237 
245 1 0 |a Ciencias Naturales 4º Básico: texto del estudiante 
250 |a 1a. ed 
300 |a 256 p 
942 |c BK 
945 |d 20180907 13:03:00  |a dcastane 
260 |a Santiago  |b Ediciones SM  |c 2018 
650 0 |a Ciencias naturales  |9 260542 
650 7 |a ENSEÑANZA DE LAS CIENCIAS NATURALES  |2 CL-VaPUC  |9 599238 
650 0 |a Educación básica   |9 224933 
650 0 |a Métodos de enseñanza  |9 270413 
583 |a last modification  |c 20180907 13:03:00  |k Rodrigo Vera 
999 |c 372343  |d 372341 
952 |0 0  |1 0  |3 erb  |4 0  |6 372_357000000000000_MOL_2018  |7 0  |8 A  |9 489929  |a BIBEDU  |b BIBEDU  |i 5499488  |o 372.357 MOL 2018  |p 5499488  |r 2019-11-24  |w 2019-11-24  |y BK  |z Catalogado en:20180907  |k EPE